عرض عادي عرض مارك
  • Teeth

مدخل مصطلح موضوعي

عدد التسجيلات المستخدمة في: 1

001 - رقم الضبط

  • حقل الضبط: 52507

003 - معرف رقم الضبط

  • حقل الضبط: OSt

005 - تاريخ ووقت أخر عملية

  • حقل الضبط: 20151020142559.0

008 - عناصر بيانات ثابتة الطول

  • حقل تحكم ثابت الطول: 151020|| aca||aabn | a|a d

040 ## - مصدر الفهرسة

  • هيئة الفهرسة الأصلية: OSt
  • وكالة الكتابة: OSt

150 ## - مدخل-- مصطلح تاريخي

  • عنصر مدخل المصطلح الموضوعي او الاسم الجغرافي: Teeth
  • تفريع عام: Anatomy
  • تفريع شكلي: Examinations, questions, etc.

670 ## - بيانات المصدر موجوده

  • الاستشهاد بالمصدر: Work cat.: (OSt)0: Berkovitz, B. K. B. 52505, Oral anatomy, histology and embryology /, 2009.